[Event "Abe Yanofsky mem U1600"]
[Site "Winnipeg CAN"]
[Date "2003.08.30"]
[Round "3"]
[White "Tetrault, Claude"]
[Black "Syme, Michael"]
[Result "1-0"]
[WhiteElo "1465"]
[BlackElo "1313"]
[PlyCount "43"]
[EventDate "2003.08.29"]
[EventType "swiss"]
[EventRounds "6"]
[EventCountry "CAN"]

1. d4 d5 2. c4 dxc4 3. Nc3 e6 4. Nf3 Nf6 5. e3 Be7 6. Bxc4 c5 7. O-O O-O 8. Qc2
h6 9. b3 Nc6 10. Rd1 Qc7 11. Bb2 Nb4 12. Qe2 b6 13. Rac1 Bb7 14. Nb5 Qc6 15. a3
Nbd5 16. Ne5 Qc8 17. b4 Qe8 18. Bxd5 Nxd5 19. dxc5 bxc5 20. bxc5 a6 21. Nd6 Qc6
22. Nxc6 1-0

[Event "Abe Yanofsky mem U1600"]
[Site "Winnipeg CAN"]
[Date "2003.08.30"]
[Round "3"]
[White "Tuason, Alfred"]
[Black "Baser, Arthur"]
[Result "0-1"]
[WhiteElo "1442"]
[BlackElo "1235"]
[PlyCount "45"]
[EventDate "2003.08.29"]
[EventType "swiss"]
[EventRounds "6"]
[EventCountry "CAN"]

1. e4 c5 2. Nf3 d6 3. Bc4 Nc6 4. d3 Bg4 5. h3 Bh5 6. Nc3 e6 7. Bd2 Nf6 8. Qe2
Nd4 9. Qd1 Be7 10. g4 Bg6 11. Nxd4 cxd4 12. Ne2 Qb6 13. Bb3 Rc8 14. Nf4 h6 15.
e5 Nd7 16. Nxg6 fxg6 17. f4 Bh4+ 18. Ke2 g5 19. Qf1 O-O 20. Qg2 gxf4 21. Rhf1
f3+ 22. Rxf3 Rxf3 23. Qxf3 0-1

[Event "Abe Yanofsky mem U1600"]
[Site "Winnipeg CAN"]
[Date "2003.08.31"]
[Round "4"]
[White "Enns, Edward"]
[Black "Enns, John"]
[Result "1-0"]
[WhiteElo "1427"]
[BlackElo "980"]
[PlyCount "77"]
[EventDate "2003.08.29"]
[EventType "swiss"]
[EventRounds "6"]
[EventCountry "CAN"]

1. d4 d5 2. c4 dxc4 3. e4 h6 4. Bxc4 a6 5. Nc3 Nc6 6. Nf3 Bg4 7. Be2 e6 8. Be3
Bb4 9. O-O Bxf3 10. Bxf3 Nge7 11. Qb3 Nxd4 12. Bxd4 Qxd4 13. Rfd1 Qb6 14. Na4
Qa5 15. e5 Nc6 16. a3 Bd2 17. Qxb7 O-O 18. Bxc6 Rab8 19. Qa7 Rfd8 20. b4 Qxe5
21. Qxa6 Rd6 22. Nc5 Qc3 23. Ne4 Qxc6 24. Qxc6 Rxc6 25. Rxd2 Kf8 26. Nc5 Ke8
27. f4 f5 28. h3 Ra8 29. Rd7 Kf8 30. Kf2 g6 31. Ke3 Rd6 32. Rxc7 Rad8 33. g3
Ke8 34. Rh7 Kf8 35. Rh8+ Ke7 36. Rxh6 Kf7 37. Rh7+ Kf6 38. g4 Rg8 39. g5# 1-0

[Event "Abe Yanofsky mem U1600"]
[Site "Winnipeg CAN"]
[Date "2003.08.31"]
[Round "4"]
[White "Gibbons, Lorne"]
[Black "Still, Graham"]
[Result "1-0"]
[WhiteElo "1315"]
[BlackElo "1115"]
[PlyCount "77"]
[EventDate "2003.08.29"]
[EventType "swiss"]
[EventRounds "6"]
[EventCountry "CAN"]

1. d4 d5 2. c4 e6 3. Nc3 Nf6 4. a3 a5 5. Bf4 Nbd7 6. Nb5 Bd6 7. Bxd6 cxd6 8.
Nxd6+ Ke7 9. Nb5 Nb6 10. c5 Nc4 11. b3 Nb2 12. Qc2 a4 13. Qxb2 Qa5+ 14. Nc3 Ne4
15. b4 Qa6 16. e3 Qa7 17. Nb5 Qb8 18. f3 Nf6 19. Bd3 Bd7 20. Nc3 b6 21. Nge2
bxc5 22. dxc5 Rc8 23. O-O Rxc5 24. Rfc1 Qb6 25. b5 Ra5 26. Rab1 Ne8 27. Bc2
Rcxb5 28. Nxb5 Rxb5 29. Qa1 Rxb1 30. Qxb1 Qxe3+ 31. Kf1 Qxa3 32. Qa1 Qb4 33.
Qc3 Qb5 34. Rb1 Qa6 35. Bd3 Qa7 36. Qa3+ Kf6 37. Rb4 Nd6 38. Rf4+ Ke5 39. Qc3+
1-0

[Event "Abe Yanofsky mem U1600"]
[Site "Winnipeg CAN"]
[Date "2003.08.31"]
[Round "4"]
[White "Kostadinova, Kremena"]
[Black "Trueman, Francis"]
[Result "0-1"]
[WhiteElo "1329"]
[BlackElo "1511"]
[PlyCount "36"]
[EventDate "2003.08.29"]
[EventType "swiss"]
[EventRounds "6"]
[EventCountry "CAN"]

1. e4 d6 2. d4 Nf6 3. Nc3 g6 4. g3 Bg7 5. Bg2 O-O 6. Nge2 c6 7. O-O Nbd7 8. h3
Re8 9. f4 Nb6 10. b3 c5 11. e5 dxe5 12. fxe5 Nfd7 13. e6 fxe6 14. dxc5 Nxc5 15.
Qxd8 Rxd8 16. Be3 Ncd7 17. Rad1 Rb8 18. Nb5 Nd5 0-1

[Event "Abe Yanofsky mem U1600"]
[Site "Winnipeg CAN"]
[Date "2003.08.31"]
[Round "4"]
[White "MacKinnon, Keith"]
[Black "Liebzeit, Mick"]
[Result "0-1"]
[WhiteElo "1343"]
[BlackElo "1199"]
[PlyCount "138"]
[EventDate "2003.08.29"]
[EventType "swiss"]
[EventRounds "6"]
[EventCountry "CAN"]

1. e4 c5 2. Nf3 d6 3. d4 cxd4 4. Nxd4 Nf6 5. Nc3 g6 6. Be3 Bg7 7. f3 O-O 8. Bc4
Nc6 9. Qd2 Ne5 10. Bb3 Re8 11. O-O-O Bd7 12. g4 Rc8 13. h4 h5 14. g5 Nh7 15.
Bf4 Nc4 16. Qd3 e5 17. Bxc4 exd4 18. Ne2 Qc7 19. Bb3 Be6 20. Rd2 Bxb3 21. Qxb3
Re5 22. Bxe5 dxe5 23. Kb1 Nf8 24. Rf1 Ne6 25. Rc1 Nc5 26. Qa3 a6 27. c3 Bf8 28.
b4 d3 29. Ng3 Qb6 30. Rb2 Ne6 31. Qa5 Qxa5 32. bxa5 Ba3 33. Rxb7 Bxc1 34. Kxc1
Rxc3+ 35. Kd2 Rc2+ 36. Kxd3 Rxa2 37. Rb6 Rh2 38. Ke3 Nc7 39. Rc6 Nb5 40. Rxa6
Rxh4 41. Rb6 Na3 42. Rb3 Nc4+ 43. Kd3 Nxa5 44. Rb5 Rh3 45. Rxa5 Rxg3 46. Ke2
Rxg5 47. f4 Rg4 48. Rxe5 Rxf4 49. Ke3 Rf6 50. Rg5 Re6 51. Kf4 Kg7 52. Rg3 Kf6
53. Rg2 Re5 54. Rf2 Ke6 55. Rc2 Kd6 56. Ra2 Rc5 57. Ra6+ Rc6 58. e5+ Kd7 59.
Rxc6 Kxc6 60. Kg5 Kd5 61. Kf6 h4 62. Kxf7 Kxe5 63. Kxg6 h3 64. Kf7 h2 65. Ke7
h1=Q 66. Kd7 Qh6 67. Kc7 Kd5 68. Kd7 Qg7+ 69. Ke8 Ke6 0-1

[Event "Abe Yanofsky mem U1600"]
[Site "Winnipeg CAN"]
[Date "2003.08.31"]
[Round "4"]
[White "Morris, Devin"]
[Black "Tuason, Alfred"]
[Result "1-0"]
[WhiteElo "958"]
[BlackElo "1442"]
[PlyCount "109"]
[EventDate "2003.08.29"]
[EventType "swiss"]
[EventRounds "6"]
[EventCountry "CAN"]

1. d4 d5 2. Nc3 Nf6 3. Bg5 e6 4. e4 Be7 5. Bxf6 Bxf6 6. exd5 exd5 7. Qe2+ Be6
8. O-O-O O-O 9. Nf3 Re8 10. Qb5 Qc8 11. Nxd5 c6 12. Nxf6+ gxf6 13. Qa4 Bd5 14.
Nd2 b5 15. Qb4 Qa6 16. a3 Nd7 17. c4 bxc4 18. Nxc4 Rab8 19. Nd6 Rxb4 20. Bxa6
Rbb8 21. Nxe8 Rxe8 22. Rhe1 Kf8 23. Rxe8+ Kxe8 24. Re1+ Kf8 25. f3 Nb6 26. Re3
Nc4 27. Bxc4 Bxc4 28. Kc2 Be6 29. Kc3 Ke7 30. Kb4 Kd6 31. Re4 f5 32. Rf4 h5 33.
Ka5 Bc8 34. Kb4 Kd5 35. Rh4 Be6 36. Kc3 c5 37. dxc5 Kxc5 38. Rxh5 Kd5 39. b4
Ke5 40. Rh4 a6 41. Rc4 Bxc4 42. Kxc4 Kf4 43. b5 axb5+ 44. Kxb5 Ke3 45. a4 Kf2
46. a5 Kxg2 47. f4 Kf3 48. a6 Kxf4 49. a7 Kf3 50. a8=Q+ Ke3 51. Qe8+ Kf3 52.
Qxf7 f4 53. h4 Kg3 54. h5 f3 55. h6 1-0

[Event "Abe Yanofsky mem U1600"]
[Site "Winnipeg CAN"]
[Date "2003.08.31"]
[Round "4"]
[White "Pierre, Rolland"]
[Black "Ylarde, Edgardo"]
[Result "1-0"]
[WhiteElo "1535"]
[BlackElo "1263"]
[PlyCount "55"]
[EventDate "2003.08.29"]
[EventType "swiss"]
[EventRounds "6"]
[EventCountry "CAN"]

1. e4 c5 2. Nf3 Nc6 3. d4 cxd4 4. Nxd4 d6 5. Be3 a6 6. h3 Nf6 7. Nc3 e6 8. a3
Rb8 9. Bc4 Qc7 10. Ba2 Be7 11. f4 b5 12. Qf3 Bb7 13. Qf2 Nxd4 14. Bxd4 Bxe4 15.
O-O Qb7 16. Rfe1 O-O 17. Bxf6 Bxf6 18. Nxe4 Be7 19. Kh1 Rbc8 20. c3 d5 21. Nd2
Bf6 22. Nf3 a5 23. Bb1 b4 24. cxb4 axb4 25. a4 b3 26. Ng5 g6 27. h4 h6 28. Nf3
1-0

[Event "Abe Yanofsky mem U1600"]
[Site "Winnipeg CAN"]
[Date "2003.08.31"]
[Round "4"]
[White "Pottinger, Carl"]
[Black "Anderson, George"]
[Result "1-0"]
[WhiteElo "1588"]
[BlackElo "1459"]
[PlyCount "117"]
[EventDate "2003.08.29"]
[EventType "swiss"]
[EventRounds "6"]
[EventCountry "CAN"]

1. e4 e6 2. d3 b6 3. Nf3 Nc6 4. g3 h6 5. Bg2 d5 6. e5 Nge7 7. O-O Ba6 8. Re1
Ng6 9. d4 Qd7 10. c3 Be7 11. b4 Bc4 12. a4 a5 13. b5 Na7 14. Ba3 c6 15. Bxe7
Nxe7 16. bxc6 Qxc6 17. Na3 O-O 18. Nxc4 Qxc4 19. Qc1 Rfc8 20. Ra3 Qa6 21. Qb2
Rc6 22. Nd2 Rac8 23. c4 R8c7 24. Rb1 Nac8 25. Rb3 Nf5 26. g4 Nh4 27. Bf1 dxc4
28. Rc3 Qa7 29. Rxc4 Rxc4 30. Nxc4 b5 31. Qxb5 Qxd4 32. Ne3 Rc5 33. Qd3 Qxe5
34. Qd8+ Kh7 35. Qxh4 g5 36. Qg3 Qe4 37. Rd1 Qxa4 38. Bd3+ Kg7 39. Qf3 Qf4 40.
Qxf4 gxf4 41. Nc4 f5 42. gxf5 exf5 43. Ra1 Kf6 44. Nxa5 Kg5 45. Ba6 f3 46. Bb7
Kf4 47. Nb3 Rc3 48. Nd2 Nd6 49. Bxf3 Rxf3 50. Nxf3 Kxf3 51. Ra3+ Kg4 52. Ra6
Ne4 53. Rxh6 Kf3 54. Rh3+ Ke2 55. Re3+ Kd2 56. Rxe4 fxe4 57. h4 e3 58. fxe3
Kxe3 59. h5 1-0

[Event "Abe Yanofsky mem U1600"]
[Site "Winnipeg CAN"]
[Date "2003.08.31"]
[Round "4"]
[White "Syme, Michael"]
[Black "Clark, Robert"]
[Result "1-0"]
[WhiteElo "1313"]
[BlackElo "1093"]
[PlyCount "91"]
[EventDate "2003.08.29"]
[EventType "swiss"]
[EventRounds "6"]
[EventCountry "CAN"]

1. e4 e5 2. c4 Bc5 3. Nf3 Nc6 4. d3 d6 5. h3 Nd4 6. Nbd2 Nf6 7. Rb1 O-O 8. b4
Bb6 9. Ba3 c5 10. bxc5 dxc5 11. Nxe5 Qe7 12. Ndf3 Nxf3+ 13. Nxf3 Ba5+ 14. Nd2
Nd7 15. Be2 Qg5 16. Bg4 Bxd2+ 17. Qxd2 Qxd2+ 18. Kxd2 b6 19. d4 Re8 20. dxc5
bxc5 21. Kc3 Ba6 22. Bxd7 Rxe4 23. Bb5 Bxb5 24. Rxb5 Rd8 25. Bxc5 a6 26. Ra5
Re2 27. Rxa6 Red2 28. Rb1 R8d3+ 29. Kb4 f6 30. Rb3 Rd8 31. Bb6 Rb8 32. Kc3 Rxf2
33. Bxf2 Rxb3+ 34. axb3 Kf7 35. c5 g5 36. g4 f5 37. c6 fxg4 38. hxg4 h5 39.
gxh5 g4 40. Bg1 Ke7 41. h6 Kd8 42. h7 Kc7 43. h8=Q g3 44. Bb6+ Kxc6 45. Qf6+
Kb5 46. Ra5# 1-0

[Event "Abe Yanofsky mem U1600"]
[Site "Winnipeg CAN"]
[Date "2003.08.31"]
[Round "4"]
[White "Taylor, Evan"]
[Black "Bist, Jordan"]
[Result "1-0"]
[WhiteElo "1353"]
[BlackElo "1144"]
[PlyCount "81"]
[EventDate "2003.08.29"]
[EventType "swiss"]
[EventRounds "6"]
[EventCountry "CAN"]

1. e4 c5 2. Nf3 d6 3. d4 Nc6 4. d5 Ne5 5. Nxe5 dxe5 6. Nc3 e6 7. Bb5+ Bd7 8.
dxe6 Bxb5 9. exf7+ Kxf7 10. Qxd8 Rxd8 11. Nxb5 Nf6 12. Bg5 h6 13. Bxf6 gxf6 14.
Nxa7 Rg8 15. Rg1 h5 16. c3 h4 17. g3 hxg3 18. hxg3 Rh8 19. Rd1 Re8 20. Rd7+ Re7
21. Rxe7+ Kxe7 22. Kf1 c4 23. Kg2 b5 24. Nxb5 Kf7 25. Rh1 Rxh1 26. Kxh1 Bc5 27.
Kg2 Be7 28. b3 cxb3 29. axb3 Bf8 30. Kf3 Ke6 31. Ke3 Bh6+ 32. Kd3 Bg5 33. c4
Kd7 34. f4 exf4 35. gxf4 Bxf4 36. b4 Kc6 37. Nd4+ Kd6 38. c5+ Ke5 39. Nf3+ Ke6
40. Kc4 Kd7 41. Kb5 1-0

[Event "Abe Yanofsky mem U1600"]
[Site "Winnipeg CAN"]
[Date "2003.08.31"]
[Round "4"]
[White "Taylor, Jasper"]
[Black "Remillard, John"]
[Result "1/2-1/2"]
[WhiteElo "1475"]
[BlackElo "1533"]
[PlyCount "33"]
[EventDate "2003.08.29"]
[EventType "swiss"]
[EventRounds "6"]
[EventCountry "CAN"]

1. d4 d5 2. c4 dxc4 3. e3 Nf6 4. Bxc4 e6 5. Nf3 Bb4+ 6. Bd2 Bxd2+ 7. Qxd2 O-O
8. O-O b6 9. Nc3 Bb7 10. Qe2 c6 11. a4 a5 12. b3 Ba6 13. Bxa6 Nxa6 14. Ne5 Nb4
15. Rfd1 Nfd5 16. Nxd5 cxd5 17. Nd3 1/2-1/2

[Event "Abe Yanofsky mem U1600"]
[Site "Winnipeg CAN"]
[Date "2003.08.31"]
[Round "4"]
[White "Tetrault, Claude"]
[Black "Tetrault, Charles"]
[Result "1-0"]
[WhiteElo "1465"]
[BlackElo "1566"]
[PlyCount "74"]
[EventDate "2003.08.29"]
[EventType "swiss"]
[EventRounds "6"]
[EventCountry "CAN"]

1. d4 Nf6 2. c4 c5 3. d5 d6 4. Nc3 g6 5. Nf3 Bg7 6. g3 e6 7. Bg2 O-O 8. O-O
exd5 9. cxd5 a6 10. Qc2 b5 11. b3 b4 12. Na4 Nxd5 13. Bb2 Nd7 14. Rac1 N7f6 15.
Rfd1 Bf5 16. Bxf6 Bxf6 17. e4 Bxe4 18. Qxe4 Nc3 19. Nxc3 Bxc3 20. Nd2 Ra7 21.
Qf4 Bf6 22. Ne4 Be5 23. Qe3 Bd4 24. Qf4 Be5 25. Qf3 Rd7 26. Bf1 Bd4 27. Rxd4
cxd4 28. Nf6+ Kg7 29. Nxd7 Qxd7 30. Qd3 Qa7 31. Rc4 a5 32. Qxd4+ Qxd4 33. Rxd4
Rd8 34. Bc4 f5 35. Rd5 Kf6 36. Rxa5 d5 37. Rxd5 Re8 1-0

[Event "Abe Yanofsky mem U1600"]
[Site "Winnipeg CAN"]
[Date "2003.08.31"]
[Round "5"]
[White "Anderson, George"]
[Black "Taylor, Evan"]
[Result "1-0"]
[WhiteElo "1459"]
[BlackElo "1353"]
[PlyCount "47"]
[EventDate "2003.08.29"]
[EventType "swiss"]
[EventRounds "6"]
[EventCountry "CAN"]

1. e4 c6 2. f4 e5 3. d3 exf4 4. Bxf4 Nf6 5. Nf3 d5 6. e5 Nfd7 7. d4 Be7 8. Bd3
Nb6 9. O-O O-O 10. b3 f6 11. Nbd2 Be6 12. Qe1 Qe8 13. Qg3 Qf7 14. Rae1 g6 15.
exf6 Bxf6 16. Be5 Qg7 17. Bxb8 Bxd4+ 18. Kh1 Raxb8 19. Rxe6 Qd7 20. Nxd4 c5 21.
Rd6 Rxf1+ 22. Nxf1 Qf7 23. Nf3 Re8 24. Ne5 1-0

[Event "Abe Yanofsky mem U1600"]
[Site "Winnipeg CAN"]
[Date "2003.08.31"]
[Round "5"]
[White "Kostadinova, Kremena"]
[Black "Enns, Edward"]
[Result "1-0"]
[WhiteElo "1329"]
[BlackElo "1427"]
[PlyCount "87"]
[EventDate "2003.08.29"]
[EventType "swiss"]
[EventRounds "6"]
[EventCountry "CAN"]

1. e4 e5 2. Nc3 Nf6 3. g3 b6 4. Bg2 Bb7 5. Nge2 d5 6. exd5 Nxd5 7. O-O Nxc3 8.
Nxc3 Bxg2 9. Kxg2 Bd6 10. Qf3 Nd7 11. Ne4 O-O 12. d3 f5 13. Ng5 Qe7 14. Qd5+
Kh8 15. Ne6 Rg8 16. f4 Rae8 17. Ng5 Rgf8 18. fxe5 Bxe5 19. d4 Bd6 20. Rxf5 Qe2+
21. Kh3 Qh5+ 22. Kg2 Re2+ 23. Kf1 Rxf5+ 24. Qxf5 Nf6 25. Nf7+ Kg8 26. Qxh5 Nxh5
27. Kxe2 Kxf7 28. Be3 Ke6 29. Kd3 b5 30. a3 Nf6 31. Re1 Kd5 32. Bf4 Bxf4 33.
gxf4 Ng4 34. Re2 Kd6 35. Rg2 Nf6 36. Rxg7 h5 37. h3 a5 38. b3 Nd5 39. Rg6+ Ke7
40. Ke4 b4 41. Kxd5 bxa3 42. Rg1 c6+ 43. Kxc6 Ke6 44. d5+ 1-0

[Event "Abe Yanofsky mem U1600"]
[Site "Winnipeg CAN"]
[Date "2003.08.31"]
[Round "5"]
[White "Liebzeit, Mick"]
[Black "Clark, Robert"]
[Result "1-0"]
[WhiteElo "1199"]
[BlackElo "1093"]
[PlyCount "35"]
[EventDate "2003.08.29"]
[EventType "swiss"]
[EventRounds "6"]
[EventCountry "CAN"]

1. e4 e5 2. Nf3 Nc6 3. Nc3 Bb4 4. Bc4 Nf6 5. Ng5 O-O 6. d3 d6 7. O-O Bxc3 8.
bxc3 d5 9. exd5 Nxd5 10. Bd2 Nxc3 11. Nxf7 Nxd1 12. Nxd8+ Kh8 13. Nxc6 bxc6 14.
Raxd1 Bg4 15. Rde1 Rf6 16. Rxe5 Rg6 17. Rfe1 h6 18. Kh1 1-0

[Event "Abe Yanofsky mem U1600"]
[Site "Winnipeg CAN"]
[Date "2003.08.31"]
[Round "5"]
[White "Opinga, Ron"]
[Black "Syme, Michael"]
[Result "1-0"]
[WhiteElo "1487"]
[BlackElo "1313"]
[PlyCount "83"]
[EventDate "2003.08.29"]
[EventType "swiss"]
[EventRounds "6"]
[EventCountry "CAN"]

1. e4 e5 2. Nf3 d6 3. Nc3 Nf6 4. d3 h6 5. g3 c5 6. Bg2 Nc6 7. O-O Be7 8. h3 O-O
9. Kh2 Nd4 10. Nxd4 cxd4 11. Nd5 Nh7 12. f4 f5 13. fxe5 dxe5 14. exf5 Rxf5 15.
Rxf5 Bxf5 16. Qh5 Bg5 17. Bxg5 hxg5 18. Rf1 Be6 19. Qf3 Qd6 20. c4 Rf8 21. Qe2
Rxf1 22. Qxf1 b5 23. b3 bxc4 24. bxc4 Kh8 25. Be4 Bxd5 26. Bxd5 Nf6 27. Qf3
Nxd5 28. cxd5 Kg8 29. Kg2 Qa3 30. Qe2 Qd6 31. Qe4 Kf7 32. Kf3 Qf6+ 33. Kg4 g6
34. Qf3 Qxf3+ 35. Kxf3 Ke7 36. Ke4 Kd6 37. g4 a5 38. a4 Kd7 39. Kxe5 Ke7 40.
d6+ Kd7 41. Kd5 Ke8 42. Ke6 1-0

[Event "Abe Yanofsky mem U1600"]
[Site "Winnipeg CAN"]
[Date "2003.08.31"]
[Round "5"]
[White "Pierre, Rolland"]
[Black "Gibbons, Lorne"]
[Result "1-0"]
[WhiteElo "1535"]
[BlackElo "1315"]
[PlyCount "33"]
[EventDate "2003.08.29"]
[EventType "swiss"]
[EventRounds "6"]
[EventCountry "CAN"]

1. e4 e5 2. Nf3 Nf6 3. Nc3 Bb4 4. Be2 Bxc3 5. bxc3 d6 6. d3 O-O 7. O-O Nbd7 8.
Bg5 h6 9. Bh4 Re8 10. Re1 Nf8 11. Nd2 Bd7 12. Bf3 g5 13. Bg3 Ne6 14. h3 Re7 15.
d4 exd4 16. e5 dxe5 17. Bxe5 1-0

[Event "Abe Yanofsky mem U1600"]
[Site "Winnipeg CAN"]
[Date "2003.08.31"]
[Round "5"]
[White "Pottinger, Carl"]
[Black "Tetrault, Claude"]
[Result "0-1"]
[WhiteElo "1588"]
[BlackElo "1465"]
[PlyCount "117"]
[EventDate "2003.08.29"]
[EventType "swiss"]
[EventRounds "6"]
[EventCountry "CAN"]

1. e4 c5 2. Nf3 d6 3. g3 Nf6 4. d3 Nc6 5. Bg2 g6 6. O-O Bg7 7. h3 O-O 8. Nbd2
Re8 9. Re1 Bd7 10. c3 Rc8 11. Nf1 a6 12. Bd2 Be6 13. Ne3 Qc7 14. Ng5 Qd7 15.
Nxe6 Qxe6 16. Kh2 Qd7 17. f4 e6 18. h4 Qc7 19. Bh3 Rcd8 20. f5 exf5 21. exf5
Ne5 22. Bc1 d5 23. d4 cxd4 24. cxd4 Nc6 25. Qd3 Qb8 26. Nc2 Nh5 27. Rxe8+ Rxe8
28. Bg4 Re4 29. Bxh5 Rxh4+ 30. Kg2 Rxh5 31. Bf4 Qd8 32. Re1 Rxf5 33. Qe3 Rf6
34. Qe8+ Bf8 35. Bh6 Re6 36. Rxe6 fxe6 37. Qxe6+ Kh8 38. Bxf8 Qxf8 39. Qxd5 Qe7
40. Qf3 Kg7 41. d5 Ne5 42. Qc3 Qd6 43. Ne3 Kf7 44. Nc4 Qxd5+ 45. Kh2 Nxc4 46.
Kg1 Qe6 47. Qf3+ Kg8 48. Qxb7 Qe1+ 49. Kg2 Qd2+ 50. Kh3 Nxb2 51. Qc8+ Kg7 52.
Qxa6 Nd3 53. Qa7+ Kh6 54. a4 Nf2+ 55. Kg2 Ne4+ 56. Kh1 Nxg3+ 57. Kg1 Nf5 58.
Qc7 Qd4+ 59. Kg2 0-1

[Event "Abe Yanofsky mem U1600"]
[Site "Winnipeg CAN"]
[Date "2003.08.31"]
[Round "5"]
[White "Tetrault, Charles"]
[Black "Remillard, John"]
[Result "0-1"]
[WhiteElo "1566"]
[BlackElo "1533"]
[PlyCount "106"]
[EventDate "2003.08.29"]
[EventType "swiss"]
[EventRounds "6"]
[EventCountry "CAN"]

1. e4 e5 2. Nf3 Nc6 3. Bc4 d6 4. Nc3 Be6 5. Bxe6 fxe6 6. d3 Be7 7. Be3 d5 8.
Ne2 Nf6 9. Ng5 Qd7 10. Ng3 h6 11. Nf3 O-O-O 12. Qe2 d4 13. Bd2 g5 14. h3 Rdg8
15. O-O-O Bf8 16. Nf1 g4 17. hxg4 Nxg4 18. N1h2 h5 19. Ng5 Nf6 20. Nhf3 Bh6 21.
Kb1 Bxg5 22. Bxg5 Qf7 23. Rdg1 Nh7 24. Bh4 Rg6 25. Bg3 Ng5 26. Nxe5 Nxe5 27.
Bxe5 Rhg8 28. Bxd4 Nf3 29. Rf1 Nxd4 30. Qxh5 Qf4 31. Qc5 Nc6 32. Qc4 Rxg2 33.
Qxe6+ Kb8 34. c3 Rf8 35. Qh6 Qf3 36. Rh3 Qf7 37. f3 Rg6 38. Qh5 Qe6 39. f4 Qg8
40. f5 Rg5 41. Qe2 Rg2 42. Rf2 Rg1+ 43. Rf1 Rg2 44. Qe3 Ne5 45. d4 Nc4 46. Qc1
Nd2+ 47. Ka1 Nxf1 48. Qxf1 Rg1 49. Rh1 Rxf1+ 50. Rxf1 Qg2 51. Re1 Rh8 52. a3
Rh1 53. Rxh1 Qxh1+ 0-1

[Event "Abe Yanofsky mem U1600"]
[Site "Winnipeg CAN"]
[Date "2003.08.31"]
[Round "5"]
[White "Tuason, Alfred"]
[Black "MacKinnon, Keith"]
[Result "0-1"]
[WhiteElo "1442"]
[BlackElo "1343"]
[PlyCount "77"]
[EventDate "2003.08.29"]
[EventType "swiss"]
[EventRounds "6"]
[EventCountry "CAN"]

1. e4 c5 2. Nf3 d6 3. h3 Nf6 4. Nc3 Nc6 5. Bb5 Bd7 6. d3 g6 7. O-O Bg7 8. a3
O-O 9. Bg5 a6 10. Bc4 b5 11. Ba2 h5 12. Qd2 Nh7 13. Bh6 e6 14. Bxg7 Kxg7 15.
Qf4 Bc8 16. Qg3 b4 17. Nb1 a5 18. Nfd2 Qf6 19. c3 Qe5 20. Nf3 Qxg3 21. fxg3 a4
22. Bc4 Rd8 23. Bb5 Bd7 24. Bxc6 Bxc6 25. cxb4 cxb4 26. axb4 Rab8 27. Nd4 Be8
28. b5 Bxb5 29. Nxb5 Rxb5 30. Rxa4 Rxb2 31. Ra7 Rc8 32. Rfxf7+ Kh6 33. Rxh7+
Kg5 34. h4+ Kg4 35. Kh2 Rcc2 36. Rhg7 Rxg2+ 37. Kh1 Kh3 38. Ra1 Rh2+ 39. Kg1
0-1

[Event "Abe Yanofsky mem U1600"]
[Site "Winnipeg CAN"]
[Date "2003.08.31"]
[Round "5"]
[White "Ylarde, Edgardo"]
[Black "Morris, Devin"]
[Result "0-1"]
[WhiteElo "1263"]
[BlackElo "958"]
[PlyCount "38"]
[EventDate "2003.08.29"]
[EventType "swiss"]
[EventRounds "6"]
[EventCountry "CAN"]

1. e4 d5 2. exd5 Qxd5 3. d4 e5 4. Be3 Nc6 5. c3 Nf6 6. h3 Bf5 7. c4 Bb4+ 8. Nc3
Bxc3+ 9. bxc3 Qd6 10. d5 Ne7 11. Bd3 Ne4 12. Bxe4 Bxe4 13. f3 Bg6 14. Qa4+ c6
15. dxc6 Qxc6 16. Qb5 a6 17. Qxe5 f6 18. Qc5 Qxc5 19. Bxc5 Rc8 0-1

[Event "Abe Yanofsky mem U1600"]
[Site "Winnipeg CAN"]
[Date "2003.09.01"]
[Round "6"]
[White "Anderson, George"]
[Black "Gibbons, Lorne"]
[Result "1-0"]
[WhiteElo "1459"]
[BlackElo "1315"]
[PlyCount "63"]
[EventDate "2003.08.29"]
[EventType "swiss"]
[EventRounds "6"]
[EventCountry "CAN"]

1. e4 e5 2. f4 d5 3. exd5 exf4 4. Qf3 Qh4+ 5. g3 fxg3 6. hxg3 Qd8 7. Nc3 Nf6 8.
Bh3 Bxh3 9. Nxh3 Qe7+ 10. Ne2 Qc5 11. d6 c6 12. d4 Qxd6 13. Bf4 Qb4+ 14. Kf2
Qxb2 15. Qe3+ Be7 16. Kg2 Qxc2 17. Ng5 h6 18. Bd6 Ne4 19. Nxe4 Bxd6 20. Nxd6+
Kd7 21. Rhc1 Qg6 22. Nxb7 Re8 23. Nc5+ Kd8 24. Qf3 Re7 25. Re1 Kc7 26. d5 cxd5
27. Qxd5 Qc6 28. Qxc6+ Nxc6 29. Rac1 Kb6 30. Na4+ Ka5 31. Rxc6 Kxa4 32. Nc3+
1-0

[Event "Abe Yanofsky mem U1600"]
[Site "Winnipeg CAN"]
[Date "2003.09.01"]
[Round "6"]
[White "Bist, Jordan"]
[Black "Enns, Edward"]
[Result "0-1"]
[WhiteElo "1144"]
[BlackElo "1427"]
[PlyCount "64"]
[EventDate "2003.08.29"]
[EventType "swiss"]
[EventRounds "6"]
[EventCountry "CAN"]

1. c4 e5 2. Nf3 Nc6 3. e3 Bc5 4. Nc3 Nf6 5. Nd5 d6 6. d4 Bb6 7. Be2 O-O 8. O-O
Nxd5 9. cxd5 Ne7 10. Nd2 Nxd5 11. Nc4 h6 12. Nxb6 Nxb6 13. b3 Qf6 14. Bb2 Nd7
15. g3 Qe7 16. f4 exd4 17. Bxd4 c5 18. Bb2 Qxe3+ 19. Kh1 b6 20. Bf3 Rb8 21. Bc1
Qd4 22. Bd2 Ba6 23. Re1 Nf6 24. Be2 Bb7+ 25. Bf3 Bxf3+ 26. Qxf3 Qxd2 27. Rad1
Qxa2 28. Ra1 Qc2 29. Rxa7 d5 30. g4 Rfe8 31. Rxe8+ Rxe8 32. g5 Re1+ 0-1

[Event "Abe Yanofsky mem U1600"]
[Site "Winnipeg CAN"]
[Date "2003.09.01"]
[Round "6"]
[White "Enns, John"]
[Black "Tuason, Alfred"]
[Result "1/2-1/2"]
[WhiteElo "980"]
[BlackElo "1442"]
[PlyCount "63"]
[EventDate "2003.08.29"]
[EventType "swiss"]
[EventRounds "6"]
[EventCountry "CAN"]

1. d4 d5 2. a3 Nf6 3. Bg5 h6 4. Bxf6 exf6 5. e3 a6 6. Nf3 Bd6 7. Nc3 Be6 8. Bd3
O-O 9. h3 Nc6 10. Qe2 Re8 11. O-O-O Na5 12. g4 Qe7 13. Nb1 b6 14. Bf5 c5 15.
Bxe6 Qxe6 16. Nc3 c4 17. Nh4 b5 18. Nf5 Bf8 19. Nb1 b4 20. a4 Qd7 21. c3 Qxa4
22. Kd2 Qb3 23. Ke1 bxc3 24. Nxc3 Bb4 25. Rc1 Rab8 26. Kf1 Bxc3 27. bxc3 Qb2
28. Qxb2 Rxb2 29. Kg2 Kh7 30. Ra1 Nb3 31. Rxa6 g6 32. Nd6 1/2-1/2

[Event "Abe Yanofsky mem U1600"]
[Site "Winnipeg CAN"]
[Date "2003.09.01"]
[Round "6"]
[White "Liebzeit, Mick"]
[Black "Taylor, Evan"]
[Result "1-0"]
[WhiteElo "1199"]
[BlackElo "1353"]
[PlyCount "59"]
[EventDate "2003.08.29"]
[EventType "swiss"]
[EventRounds "6"]
[EventCountry "CAN"]

1. e4 c6 2. d4 d5 3. Nc3 dxe4 4. Nxe4 Bf5 5. Ng3 Bg6 6. Nf3 Nd7 7. Bd3 Bxd3 8.
Qxd3 Qc7 9. O-O e6 10. Re1 O-O-O 11. Ng5 Ndf6 12. N3e4 h6 13. Nf3 Nxe4 14. Rxe4
Bd6 15. Qc3 Nf6 16. Re2 Nd5 17. Qc4 Rde8 18. Bd2 g5 19. Kh1 f5 20. Rae1 Qf7 21.
Qa4 Kb8 22. c4 Nf6 23. Bb4 Bc7 24. Bc5 a6 25. Qb4 g4 26. Ne5 Bxe5 27. dxe5 Ne4
28. Bd6+ Kc8 29. Qb6 Rh7 30. Qa7 1-0

[Event "Abe Yanofsky mem U1600"]
[Site "Winnipeg CAN"]
[Date "2003.09.01"]
[Round "6"]
[White "Opinga, Ron"]
[Black "Pottinger, Carl"]
[Result "0-1"]
[WhiteElo "1487"]
[BlackElo "1588"]
[PlyCount "96"]
[EventDate "2003.08.29"]
[EventType "swiss"]
[EventRounds "6"]
[EventCountry "CAN"]

1. e4 c5 2. Nf3 Nc6 3. d4 cxd4 4. Nxd4 g6 5. Nc3 Bg7 6. Be3 Nf6 7. Bc4 O-O 8.
f3 Qa5 9. Nxc6 dxc6 10. Qd2 Qb4 11. Bb3 b6 12. O-O-O Bb7 13. e5 Nd5 14. Bh6
Bxh6 15. Qxh6 Nxc3 16. bxc3 Qxc3 17. e6 Qa1+ 18. Kd2 Rad8+ 19. Ke2 Ba6+ 20. c4
Rxd1 21. Bxd1 Bxc4+ 22. Kf2 Qxa2+ 23. Kg3 Bxe6 24. h4 Qb2 25. h5 gxh5 26. Qxh5
Qg7+ 27. Kf2 Kh8 28. Bc2 f5 29. g4 Bg8 30. Bxf5 c5 31. Qh4 a5 32. Re1 e5 33.
Rd1 Rf7 34. Rd6 b5 35. Rg6 Qf8 36. Rxg8+ Qxg8 37. Be6 Qf8 38. Bxf7 Qxf7 39.
Qd8+ Kg7 40. Qxa5 Qb7 41. Qc3 Qc7 42. f4 Kf6 43. fxe5+ Qxe5 44. g5+ Ke6 45.
Qb3+ c4 46. Qh3+ Qf5+ 47. Qxf5+ Kxf5 48. Ke3 Kxg5 0-1